[Event "GER-chT School WK 2"]
[Site "Playchess.com INT"]
[Date "2020.06.08"]
[Round "3.1"]
[White "Toval, David"]
[Black "Hahn, Sebastian"]
[Result "1-0"]
[WhiteElo "1806"]
[BlackElo "1505"]
[PlyCount "41"]
[EventDate "2020.06.08"]
[EventType "team-swiss (blitz)"]
[EventRounds "7"]
[EventCountry "GER"]
[SourceTitle "EXT 2021"]
[Source "ChessBase"]
[SourceDate "2020.10.23"]
[SourceVersion "1"]
[SourceVersionDate "2020.10.23"]
[SourceQuality "1"]
[WhiteTeam "Kardinal von Galen"]
[BlackTeam "NDS W Raabe Gymn"]
[WhiteTeamCountry "GER"]
[BlackTeamCountry "GER"]

1. e4 c5 2. Nf3 Nc6 3. d4 cxd4 4. Nxd4 g6 5. Nc3 Bg7 6. Be3 d6 7. f3 Bd7 8. Bc4 Nf6 9. Qd2 0-0 10. 0-0-0 a6 11. g4 b5 12. Bb3 Na5 13. h4 Qc7 14. h5 Nc4 15. Qe2 Rfb8 16. hxg6 fxg6 17. Bg5 a5 18. Bxf6 exf6 19. Ndxb5 Bxb5 20. Nxb5 Rxb5 21. Qxc4+ 1-0

[Event "GER-ch Net Amateur Gr-B Vor3"]
[Site "Playchess.com INT"]
[Date "2020.04.16"]
[Round "2"]
[White "Toval, David"]
[Black "Drescher, Werner"]
[Result "1-0"]
[WhiteElo "1741"]
[BlackElo "1536"]
[PlyCount "85"]
[EventDate "2020.04.16"]
[EventType "swiss (blitz)"]
[EventRounds "9"]
[EventCountry "GER"]
[SourceTitle "CBM 195 Extra"]
[Source "ChessBase"]
[SourceDate "2020.05.31"]
[SourceVersion "1"]
[SourceVersionDate "2020.05.31"]
[SourceQuality "1"]

1. e4 Nf6 2. e5 Nd5 3. c4 Nb6 4. d4 d6 5. exd6 exd6 6. Nc3 Be7 7. Nf3 Bf5 8. b3 0-0 9. Be2 Nc6 10. 0-0 d5 11. c5 Nc8 12. Bf4 a6 13. Bd3 Bg6 14. Bxg6 hxg6 15. Re1 Bf6 16. Qd2 N8e7 17. Rad1 Nf5 18. Be5 Re8 19. Bxf6 gxf6 20. Rxe8+ Qxe8 21. Nxd5 Qd8 22. Ne3 Qd7 23. d5 Nce7 24. Nxf5 Nxf5 25. Qc3 Kg7 26. Nd4 Rd8 27. f3 Re8 28. c6 bxc6 29. dxc6 Qe7 30. Nxf5+ gxf5 31. Qd3 Qc5+ 32. Kh1 Qxc6 33. Qxf5 Re5 34. Qg4+ Kf8 35. Qd4 Qd6 36. Qxd6+ cxd6 37. h3 Ke7 38. Rd2 Ke6 39. Kg1 f5 40. Kf2 Kf6 41. Rxd6+ Re6 42. Rxe6+ fxe6 43. Ke3 1-0

[Event "GER-ch Net Amateur Gr-B Vor2"]
[Site "Playchess.com INT"]
[Date "2020.04.15"]
[Round "6"]
[White "Toval, David"]
[Black "Fruth, David"]
[Result "0-1"]
[WhiteElo "1700"]
[BlackElo "1740"]
[PlyCount "104"]
[EventDate "2020.04.15"]
[EventType "swiss (blitz)"]
[EventRounds "9"]
[EventCountry "GER"]
[SourceTitle "CBM 196 Extra"]
[Source "ChessBase"]
[SourceDate "2020.07.31"]
[SourceVersion "1"]
[SourceVersionDate "2020.07.31"]
[SourceQuality "1"]

1. e4 c5 2. Nf3 g6 3. d4 cxd4 4. Nxd4 Bg7 5. Nc3 d6 6. Be3 Nf6 7. Bc4 0-0 8. f3 Nc6 9. Bb3 Na5 10. Qd2 Nxb3 11. axb3 d5 12. 0-0 dxe4 13. fxe4 a6 14. Nf3 Qc7 15. Bf4 Qb6+ 16. Be3 Qc7 17. Bf4 Qc6 18. Rfe1 Bg4 19. Ne5 Qc8 20. Nxg4 Nxg4 21. h3 Qc5+ 22. Kf1 Bxc3 23. bxc3 Rfd8 24. Qe2 e5 25. Bg3 Nf6 26. Bh4 Nh5 27. Qe3 Qxe3 28. Rxe3 Rd7 29. g4 Ng7 30. Ke2 Ne6 31. Rd1 Nf4+ 32. Ke1 Ng2+ 33. Ke2 Rxd1 34. Kxd1 Nxe3+ 35. Ke2 Nxc2 36. Kd2 Na3 37. c4 b5 38. Be7 Nxc4+ 39. bxc4 bxc4 40. Kc3 Re8 41. Bd6 Re6 42. Bb8 a5 43. Kxc4 Kf8 44. Ba7 Ke7 45. Bc5+ Kd7 46. Kb5 Rc6 47. Bf8 Rc3 48. Kxa5 Rxh3 49. Bg7 Rh4 50. Kb5 Rxg4 51. Bxe5 Rxe4 52. Bf6 h5 0-1

[Event "GER-chT U12"]
[Site "Magdeburg"]
[Date "2017.12.30"]
[Round "7.1"]
[White "Kittel, Lennart"]
[Black "Toval, David"]
[Result "0-1"]
[WhiteElo "1116"]
[BlackElo "1759"]
[PlyCount "72"]
[EventDate "2017.12.26"]
[EventType "team-swiss"]
[EventRounds "7"]
[EventCountry "GER"]
[SourceTitle "CBM 182 Extra"]
[Source "ChessBase"]
[SourceDate "2018.02.23"]
[SourceVersion "1"]
[SourceVersionDate "2018.02.23"]
[SourceQuality "1"]
[WhiteTeam "Goeppingen"]
[BlackTeam "Muenster"]
[WhiteTeamCountry "GER"]
[BlackTeamCountry "GER"]

1. d4 Nf6 2. c4 e6 3. Nf3 b6 4. g3 Bb7 5. Bg2 d5 6. cxd5 exd5 7. Nc3 Nbd7 8. Bg5 h6 9. Bd2 Be7 10. Qc2 0-0 11. 0-0 c5 12. e3 Rc8 13. Qa4 Bc6 14. Qc2 c4 15. b3 b5 16. Rac1 b4 17. Ne2 c3 18. Be1 Bb5 19. Kh1 a5 20. h3 Ne4 21. Nf4 Bxf1 22. Bxf1 Ndf6 23. Ne5 Bd6 24. Nfd3 Nd7 25. Nxd7 Qxd7 26. Qe2 Qf5 27. g4 Qf6 28. f4 Ra8 29. Qd1 Ra7 30. Kh2 Rfa8 31. Nf2 g5 32. Nxe4 dxe4 33. Qc2 gxf4 34. Qxe4 fxe3+ 35. Bg3 Qf2+ 36. Qg2 Bxg3+ 0-1

[Event "GER-chT U12"]
[Site "Magdeburg"]
[Date "2017.12.29"]
[Round "5.1"]
[White "Kalina, Lena"]
[Black "Toval, David"]
[Result "0-1"]
[WhiteElo "1564"]
[BlackElo "1759"]
[PlyCount "108"]
[EventDate "2017.12.26"]
[EventType "team-swiss"]
[EventRounds "7"]
[EventCountry "GER"]
[SourceTitle "CBM 182 Extra"]
[Source "ChessBase"]
[SourceDate "2018.02.23"]
[SourceVersion "1"]
[SourceVersionDate "2018.02.23"]
[SourceQuality "1"]
[WhiteTeam "Landskrone"]
[BlackTeam "Muenster"]
[WhiteTeamCountry "GER"]
[BlackTeamCountry "GER"]

1. d4 Nf6 2. Nf3 e6 3. c4 b6 4. g3 Bb7 5. Bg2 Be7 6. 0-0 0-0 7. b3 d6 8. Bb2 Nbd7 9. Nc3 c5 10. Qc2 Rc8 11. Rfd1 Qc7 12. Nb5 Qb8 13. Qd2 Ne4 14. Qe3 d5 15. cxd5 Bxd5 16. Nc3 cxd4 17. Nxd4 Nxc3 18. Bxc3 Nf6 19. Rac1 Bxg2 20. Kxg2 Nd5 21. Qf3 Ba3 22. Rc2 Rfd8 23. Rdd2 Qa8 24. Nb5 Bc5 25. Kg1 Nxc3 26. Rxd8+ Rxd8 27. Qxa8 Nxe2+ 28. Rxe2 Rxa8 29. Rd2 a6 30. Nd6 Rd8 31. Ne4 Rxd2 32. Nxd2 Kf8 33. Kf1 Ke7 34. Ne4 f5 35. Nxc5 bxc5 36. f4 e5 37. fxe5 Ke6 38. Ke2 Kxe5 39. Ke3 g5 40. Kd3 f4 41. gxf4+ gxf4 42. Ke2 Ke4 43. Kf2 f3 44. Kf1 Ke3 45. Ke1 h5 46. a3 a5 47. h4 f2+ 48. Kf1 a4 49. bxa4 c4 50. a5 c3 51. a6 c2 52. a7 c1Q+ 53. Kg2 Qg1+ 54. Kh3 f1B# 0-1

[Event "GER-chT U12"]
[Site "Magdeburg"]
[Date "2017.12.28"]
[Round "4.1"]
[White "Toval, David"]
[Black "Pikalow, Michael"]
[Result "1/2-1/2"]
[WhiteElo "1759"]
[BlackElo "1539"]
[PlyCount "65"]
[EventDate "2017.12.26"]
[EventType "team-swiss"]
[EventRounds "7"]
[EventCountry "GER"]
[SourceTitle "CBM 182 Extra"]
[Source "ChessBase"]
[SourceDate "2018.02.23"]
[SourceVersion "1"]
[SourceVersionDate "2018.02.23"]
[SourceQuality "1"]
[WhiteTeam "Muenster"]
[BlackTeam "Magdeburg USC"]
[WhiteTeamCountry "GER"]
[BlackTeamCountry "GER"]

1. e4 c5 2. c3 Nf6 3. e5 Nd5 4. d4 cxd4 5. Nf3 Nc6 6. cxd4 d6 7. Bc4 Nb6 8. Bb5 a6 9. Bd3 dxe5 10. dxe5 Nb4 11. Be4 Qxd1+ 12. Kxd1 f5 13. exf6 exf6 14. Re1 Be7 15. a3 N4d5 16. Ke2 0-0 17. Kf1 f5 18. Bc2 Bf6 19. Bb3 Kh8 20. Nbd2 Bd7 21. Kg1 Rac8 22. Nf1 Rfe8 23. Rd1 Bc6 24. Ng3 g6 25. Ng5 Re7 26. h4 h6 27. Nf3 f4 28. Nf1 Re2 29. Nd4 Re7 30. Nxc6 bxc6 31. Bc2 Kg7 32. Bd3 a5 33. h5 1/2-1/2

[Event "GER-chT U12"]
[Site "Magdeburg"]
[Date "2017.12.27"]
[Round "1.1"]
[White "Toval, David"]
[Black "Gallasch, Jonas"]
[Result "1/2-1/2"]
[WhiteElo "1759"]
[BlackElo "1839"]
[PlyCount "102"]
[EventDate "2017.12.26"]
[EventType "team-swiss"]
[EventRounds "7"]
[EventCountry "GER"]
[SourceTitle "CBM 182 Extra"]
[Source "ChessBase"]
[SourceDate "2018.02.23"]
[SourceVersion "1"]
[SourceVersionDate "2018.02.23"]
[SourceQuality "1"]
[WhiteTeam "Muenster"]
[BlackTeam "Porz SG"]
[WhiteTeamCountry "GER"]
[BlackTeamCountry "GER"]

1. e4 c6 2. d4 d5 3. exd5 cxd5 4. Bd3 Nc6 5. c3 Qc7 6. h3 Nf6 7. Nf3 g6 8. 0-0 Bf5 9. Bxf5 gxf5 10. Qd3 e6 11. Re1 Ne4 12. Ne5 Nxe5 13. dxe5 Bc5 14. Be3 Qb6 15. Bxc5 Qxc5 16. Qd4 Qxd4 17. cxd4 Rc8 18. Na3 a6 19. Rad1 b5 20. h4 Rg8 21. Re2 f4 22. Rc2 Kd7 23. Rdc1 Nd2 24. Rxc8 Rxc8 25. Rxc8 Kxc8 26. b4 Kd7 27. f3 Ke7 28. Nc2 Nc4 29. Ne1 Nb2 30. Kf2 f6 31. g4 fxg3+ 32. Kxg3 fxe5 33. dxe5 Kf7 34. Kg4 Kg6 35. h5+ Kg7 36. Nc2 Nd3 37. f4 h6 38. a3 Kf7 39. Nd4 Ke7 40. Nb3 Nb2 41. Nd2 Nc4 42. Nxc4 dxc4 43. Kf3 Kd7 44. Ke4 Kc7 45. Ke3 Kb6 46. Ke4 Kc7 47. Ke3 Kc6 48. Kd4 Kd7 49. Ke4 Kc7 50. Ke3 Kc6 51. Kd4 Kd7 1/2-1/2

[Event "Muensterland Regionalliga 1718"]
[Site "Germany"]
[Date "2017.09.30"]
[Round "2.7"]
[White "Messelink, Gerrit"]
[Black "Toval, David"]
[Result "0-1"]
[WhiteElo "1803"]
[BlackElo "1780"]
[PlyCount "64"]
[EventDate "2017.09.02"]
[EventType "team-tourn"]
[EventRounds "9"]
[EventCountry "GER"]
[SourceTitle "EXT 2019"]
[Source "ChessBase"]
[SourceDate "2018.10.10"]
[SourceVersion "1"]
[SourceVersionDate "2018.10.10"]
[SourceQuality "1"]
[WhiteTeam "Ahaus Wessum"]
[BlackTeam "Muenster SK III"]
[WhiteTeamCountry "GER"]
[BlackTeamCountry "GER"]

1. Nf3 Nf6 2. c4 e6 3. b3 b6 4. Bb2 Bb7 5. e3 Be7 6. Be2 0-0 7. d4 d5 8. Nc3 Nbd7 9. 0-0 c5 10. cxd5 exd5 11. Rc1 Rc8 12. Ne5 Nxe5 13. dxe5 Ne4 14. Nxe4 dxe4 15. Qc2 Qc7 16. Bg4 Rcd8 17. b4 Ba6 18. Rfd1 Bd3 19. Qc3 c4 20. a4 a5 21. Ba3 axb4 22. Bxb4 Bxb4 23. Qxb4 Qxe5 24. Qxb6 c3 25. Qc6 c2 26. Rd2 f5 27. Be2 Rc8 28. Qb6 Qc3 29. Bxd3 Qxd2 30. Qb3+ Kh8 31. Rxc2 Qd1+ 32. Bf1 Rxc2 0-1

[Event "Vellmar op 9th"]
[Site "Vellmar"]
[Date "2017.07.16"]
[Round "6"]
[White "Toval, David"]
[Black "Poelig, Juergen"]
[Result "0-1"]
[WhiteElo "1733"]
[BlackElo "1883"]
[PlyCount "62"]
[EventDate "2017.07.13"]
[EventType "swiss"]
[EventRounds "7"]
[EventCountry "GER"]
[SourceTitle "CBM 179 Extra"]
[Source "ChessBase"]
[SourceDate "2017.08.23"]
[SourceVersion "1"]
[SourceVersionDate "2017.08.23"]
[SourceQuality "1"]

1. e4 e6 2. d4 d5 3. Nd2 c5 4. exd5 exd5 5. Ngf3 Nc6 6. Bb5 Bd6 7. dxc5 Bxc5 8. 0-0 Bg4 9. Nb3 Bb6 10. Re1+ Nge7 11. Be3 Bc7 12. Bc5 0-0 13. Bxc6 Nxc6 14. Bxf8 Kxf8 15. Qd3 g6 16. Qc3 Kg8 17. a3 Qd6 18. g3 Bb6 19. Ne5 d4 20. Nc4 Qf6 21. Qd2 Bc7 22. Qd3 Bf3 23. Ncd2 Bd5 24. Ne4 Qg7 25. Qb5 Rd8 26. Qxb7 f5 27. Nf6+ Qxf6 28. Qxc7 d3 29. Rac1 Bxb3 30. cxd3 Bd5 31. Re7 Qxe7 0-1

[Event "Vellmar op 9th"]
[Site "Vellmar"]
[Date "2017.07.15"]
[Round "4"]
[White "Geisler, Reinhard"]
[Black "Toval, David"]
[Result "1/2-1/2"]
[WhiteElo "1835"]
[BlackElo "1733"]
[PlyCount "93"]
[EventDate "2017.07.13"]
[EventType "swiss"]
[EventRounds "7"]
[EventCountry "GER"]
[SourceTitle "CBM 179 Extra"]
[Source "ChessBase"]
[SourceDate "2017.08.23"]
[SourceVersion "1"]
[SourceVersionDate "2017.08.23"]
[SourceQuality "1"]

1. d4 Nf6 2. Bf4 e6 3. e3 b6 4. Nf3 Bb7 5. Bd3 d5 6. c4 Bb4+ 7. Nc3 0-0 8. 0-0 Nbd7 9. Rc1 Ne4 10. cxd5 Nxc3 11. bxc3 Ba3 12. Rc2 exd5 13. c4 dxc4 14. Bxc4 Bd6 15. Bxd6 cxd6 16. Be2 Nf6 17. Nd2 d5 18. Qb1 Qd6 19. Rfc1 Rac8 20. Qb2 h6 21. h3 Nd7 22. Rxc8 Rxc8 23. Rxc8+ Bxc8 24. Qc3 Bb7 25. Nf3 a6 26. a4 Qc6 27. Qb3 Qc1+ 28. Kh2 Qc7+ 29. g3 Nf6 30. Bd3 Bc8 31. Kg2 Qd7 32. Ng1 Qc6 33. Nf3 Qe6 34. Ng1 Ne4 35. Qc2 Ng5 36. h4 Ne4 37. Qc7 g6 38. Qf4 Qf6 39. Qxf6 Nxf6 40. f3 Bd7 41. Bc2 Bc6 42. Ne2 Kf8 43. Nc3 Ke7 44. Kf2 Kd6 45. e4 Ne8 46. Ke3 Nc7 47. e5+ 1/2-1/2

[Event "GER-ch U10"]
[Site "Willingen"]
[Date "2016.05.21"]
[Round "11.3"]
[White "Toval, David"]
[Black "Tham, Nam"]
[Result "1/2-1/2"]
[WhiteElo "1402"]
[BlackElo "1515"]
[PlyCount "68"]
[EventDate "2016.05.15"]
[EventType "swiss"]
[EventRounds "11"]
[EventCountry "GER"]
[SourceTitle "CBM 172 Extra"]
[Source "ChessBase"]
[SourceDate "2016.06.21"]
[SourceVersion "1"]
[SourceVersionDate "2016.06.21"]
[SourceQuality "1"]

1. e4 e5 2. Nf3 Nc6 3. Bb5 a6 4. Ba4 Nf6 5. 0-0 Be7 6. Re1 b5 7. Bb3 0-0 8. c3 d6 9. h3 h6 10. d4 Re8 11. Nbd2 Bf8 12. Bc2 g6 13. Nf1 Bg7 14. Ng3 Bb7 15. a4 Qd7 16. Be3 Red8 17. d5 Na5 18. axb5 axb5 19. b3 c5 20. Qd2 Kh7 21. c4 b4 22. Qe2 Ra6 23. Ra2 Rda8 24. Rea1 Bc8 25. Bd1 Qb7 26. Ne1 Bd7 27. Nd3 Qc7 28. Kh2 Ng8 29. Qf3 Rf8 30. Qe2 Ne7 31. Rb1 f5 32. f4 fxe4 33. Nxe4 Nf5 34. fxe5 Nxe3 1/2-1/2